000 00624nam a2200241Ia 4500
003 OSt
005 20220918194200.0
006 a|||||r|||| 00| 0
007 ta
008 220917b |||||||| |||| 00| 0 eng d
024 _a78,236
037 _cTextual
040 _aARTS
_cARTS
_beng
041 _2eng
_aeng
082 _aS, K2
100 _aKagan Jerome
_983888
245 0 _aBirth to maturity
_b a study in psychological development
260 _c1962
650 _aPSYCHOLOGY
700 _a Moss Howard A
_983889
942 _hS, K2
_cTEXL
_2CC
999 _c202042
_d202042